000 00600nam a2200181Ia 4500
003 LDD
008 190117s9999 xx 000 0 und d
020 _c₹175
040 _cLDD
041 _ahi
082 _a001.303 मा 49268
100 _aनगेन्द्र
245 0 _aमानविकी परिभाषा कोश (साहित्य कोश)
_cनगेन्द्र
260 _aनई दिल्ली
_bराजकमल
_c1998
300 _aखं (274पृ.)
901 _aVANI
942 _2ddc
_cH
999 _c161918
_d161918